Normal view
MARC view
- Pierce, Anne E
Entry Personal Name
001 - CONTROL NUMBER
- control field: 45879
003 - CONTROL NUMBER IDENTIFIER
- control field: NUST
005 - DATE AND TIME OF LATEST TRANSACTION
- control field: 20210314133351.0
008 - FIXED-LENGTH DATA ELEMENTS
- fixed length control field: 210314|| aca||aabn | a|a d
040 ## - CATALOGING SOURCE
- Original cataloging agency: NUST
- Transcribing agency: NUST
100 ## - HEADING--PERSONAL NAME
- Personal name: Pierce, Anne E
670 ## - SOURCE DATA FOUND
- Source citation: Work cat.: (NUST): Barrows, Sarah T. 45875, The voice: how to use it;, [c1933]
